Catálogo público

Efecto de extractos de granada y té verde en el comportamiento productivo, salud e inmunidad en conejos de engorda / (Record no. 220042)

MARC details
000 -CABECERA
campo de control de longitud fija 03467nam a2200349 a 4500
003 - IDENTIFICADOR DEL NÚMERO DE CONTROL
campo de control OSt
005 - FECHA Y HORA DE LA ÚLTIMA TRANSACCIÓN
campo de control 20240801104917.0
007 - CAMPO FIJO DE DESCRIPCIÓN FÍSICA--INFORMACIÓN GENERAL
campo de control de longitud fija cr ||||||a|c|a
008 - DATOS DE LONGITUD FIJA--INFORMACIÓN GENERAL
campo de control de longitud fija 240801s2021 mx a|||fom||| 001 0 spa d
040 ## - FUENTE DE LA CATALOGACIÓN
Normas de descripción rda
100 1# - ENTRADA PRINCIPAL--NOMBRE DE PERSONA
Nombre de persona Martínez Ortíz, Manolo
9 (RLIN) 189306
245 1# - MENCIÓN DE TÍTULO
Título Efecto de extractos de granada y té verde en el comportamiento productivo, salud e inmunidad en conejos de engorda /
Mención de responsabilidad, etc. por Manolo Martínez Ortiz; director de tesis Marianella Fallas López; secretario Raymundo Rodríguez de Lara; vocal José Luis Zaragoza Ramírez; suplente Constantino Romero Marquez; suplente Yesenia Pérez García.
264 #1 - PRODUCCIÓN, PUBLICACIÓN, DISTRIBUCIÓN, FABRICACIÓN Y COPYRIGHT
Producción, publicación, distribución, fabricación y copyright Chapingo, México :
Nombre del de productor, editor, distribuidor, fabricante El autor,
Fecha de producción, publicación, distribución, fabricación o copyright 2021.
300 ## - DESCRIPCIÓN FÍSICA
Extensión 1 recurso en línea (54 páginas):
Otras características físicas cuadros, figuras.
336 ## - TIPO DE CONTENIDO
Fuente rdacontent
Término de tipo de contenido texto
Código de tipo de contenido txt
337 ## - TIPO DE MEDIO
Fuente rdamedia
Nombre/término del tipo de medio computadora
Código del tipo de medio c
338 ## - TIPO DE SOPORTE
Fuente rdacarrier
Nombre/término del tipo de soporte recurso en línea
Código del tipo de soporte cr
502 ## - NOTA DE TESIS
Tipo de título Ingeniero Agrónomo Especialista en Zootecnia
Nombre de la institución que otorga el título Departamento de Enseñanza, Investigación y Servicio en Zootecnia,
Año de obtención del título 2021.
Información miscelánea Licenciatura
504 ## - NOTA DE BIBLIOGRAFÍA, ETC.
Nota de bibliografía, etc. Incluye referencias bibliográficas: páginas 41-44.
520 ## - SUMARIO, ETC.
Sumario, etc. El objetivo fue evaluar la adición de un aditivo con extractos de granada y té verde (VETSSN), en el gua de bebida, sobre la ganancia diaria de peso (GDP), consumo diario de alimento (CDA), conversión alimenticia (CA), mortalidad, carga de ooquistes en heces (COH) y niveles de inmunoglobulinas totales séricas (NITS) en conejos de engorda. 240 conejos de 28 días de edad fueron asignados aleatoriamente a cuatro tratamientos: T1) grupo control sin fármacos o aditivos; T2) con vermífugo, sulfamidas y vitaminas en agua al inicio de la engorda durante 7 días; T3) adición de 1 mL VETSSN por día/conejo durante 42 días y T4) Adición de 2 mL VETSSN mismo protocolo. El diseño fue completamente al azar con cuatro tratamientos y 12 repeticiones por tratamiento, la unidad experimental fue una jaula, con 5 conejos. Ocho conejos adicionales fueron asignados aleatoriamente a los mismos tratamientos (2 por jaula) y tres muestreos durante la engorda para determinar COH y NITS. No se encontró efecto (P > 0.05) de tratamiento en GDP, pero si en CDA (P = 0.02) y CA (P = 0.0002). La CA para T4 fue 3.25 ± 0.10 (P < 0.05) menor a 3.54, 3.66 y 3.81 en T3, T2 y T1. La mortalidad en T4 (3.3%) fue menor a los demás tratamientos (6.7%) sin diferencia significativa (P > 0.05). La COH tendió (P = 0.288) a disminuir en T2, T3 y T4 vs. T1. COH en fueron inferiores en 3100 (T2), 3325 (T3) y 3172.2 (T4) comparado con T1. NITS fue influenciada por tratamiento (P = 0.01) y semana de muestreo (P = 0.012). Los conejos en T3 fueron superiores en 29.0, 31.5 y 19.0 % comparados con T1, T2 y T4, mientras que los valores en la quinta semana fueron superiores en un 17.5 y 14.6% comparados a la sexta y séptima. VETSSN mostro efectos benéficos en comportamiento productivo, salud e inmunidad en conejos.
650 #4 - PUNTO DE ACCESO ADICIONAL DE MATERIA--TÉRMINO DE MATERIA
Término de materia o nombre geográfico como elemento de entrada Granada
Subdivisión general Efecto en conejos
9 (RLIN) 189308
650 #4 - PUNTO DE ACCESO ADICIONAL DE MATERIA--TÉRMINO DE MATERIA
Término de materia o nombre geográfico como elemento de entrada Camellia sinensis
Subdivisión general Efecto en conejos
9 (RLIN) 189307
650 #4 - PUNTO DE ACCESO ADICIONAL DE MATERIA--TÉRMINO DE MATERIA
Término de materia o nombre geográfico como elemento de entrada Conejos
Subdivisión general Engorda
9 (RLIN) 26363
650 #4 - PUNTO DE ACCESO ADICIONAL DE MATERIA--TÉRMINO DE MATERIA
Término de materia o nombre geográfico como elemento de entrada Conejos
Subdivisión general Inmunología
9 (RLIN) 133722
700 1# - PUNTO DE ACCESO ADICIONAL--NOMBRE DE PERSONA
Nombre de persona Fallas López, Marianella.
9 (RLIN) 39399
Término indicativo de función/relación Director de tesis.
700 1# - PUNTO DE ACCESO ADICIONAL--NOMBRE DE PERSONA
Nombre de persona Rodríguez de Lara, Raymundo
9 (RLIN) 98436
Término indicativo de función/relación Secretario.
700 1# - PUNTO DE ACCESO ADICIONAL--NOMBRE DE PERSONA
Nombre de persona Zaragoza Ramírez, José Luis
9 (RLIN) 123684
Término indicativo de función/relación Vocal.
700 1# - PUNTO DE ACCESO ADICIONAL--NOMBRE DE PERSONA
Nombre de persona Romero Márquez, Constantino
9 (RLIN) 99621
Término indicativo de función/relación Suplente.
700 1# - PUNTO DE ACCESO ADICIONAL--NOMBRE DE PERSONA
Nombre de persona Pérez García, Yesenia
9 (RLIN) 189328
Término indicativo de función/relación Suplente.
856 ## - LOCALIZACIÓN Y ACCESO ELECTRÓNICOS
Identificador Uniforme del Recurso http://10.13.5.2/tesis/tl/2021_ZO_Martinez_Ortiz_Manolo.pdf
Nota pública DESCARGAR PDF
942 ## - ELEMENTOS DE PUNTO DE ACCESO ADICIONAL (KOHA)
Fuente del sistema de clasificación o colocación Clasificación Universidad Autónoma Chapingo
Tipo de ítem Koha Tesis digital
Holdings
Estado de retiro Estado de pérdida Fuente del sistema de clasificación o colocación Estado dañado Restricciones de uso No para préstamo Código de colección Localización permanente Ubicación/localización actual Ubicación en estantería Fecha de adquisición Total de préstamos Signatura topográfica completa Fecha visto por última vez Precio válido a partir de Tipo de ítem Koha
    Clasificación Universidad Autónoma de Chapingo   Préstamo interno   Tesis digitales de Licenciatura Biblioteca Digital Biblioteca Digital En línea 01/08/2024   Tesis digital 01/08/2024 01/08/2024 Tesis digital